<?xml version="1.0" encoding="UTF-8"?>
<record
    xmlns:xsi="http://www.w3.org/2001/XMLSchema-instance"
    xsi:schemaLocation="http://www.loc.gov/MARC21/slim http://www.loc.gov/standards/marcxml/schema/MARC21slim.xsd"
    xmlns="http://www.loc.gov/MARC21/slim">

  <leader>01813nam a22001457a 4500</leader>
  <datafield tag="999" ind1=" " ind2=" ">
    <subfield code="c">529767</subfield>
    <subfield code="d">529767</subfield>
  </datafield>
  <controlfield tag="008">250507b           ||||| |||| 00| 0 eng d</controlfield>
  <datafield tag="100" ind1=" " ind2=" ">
    <subfield code="a"> Parobo, Parag D.  </subfield>
    <subfield code="9">52835</subfield>
  </datafield>
  <datafield tag="245" ind1=" " ind2=" ">
    <subfield code="a">The rise of subaltern gurus in western India: Caste, identity and religion</subfield>
  </datafield>
  <datafield tag="260" ind1=" " ind2=" ">
    <subfield code="a">The Indian Economic and Social History Review  </subfield>
  </datafield>
  <datafield tag="300" ind1=" " ind2=" ">
    <subfield code="a">62(1), Jan-Mar, 2025: p.5-31 </subfield>
  </datafield>
  <datafield tag="520" ind1=" " ind2=" ">
    <subfield code="a">Portuguese colonialism and the ramifications of state-sponsored Catholicism occupy centre stage in much of the scholarly writing on Goa. This preoccupation has meant that important parallel developments in Hindu society have tended to go relatively unnoticed. One such development is the meteoric rise in the first half of the twentieth century of subaltern gurus whose popularity is mistakenly seen as a sign of intensified religiosity. Drawing on archival and ethnographic research, this article offers an alternate perspective. It examines the processes underlying the rise of the Padmanabha sampradaya in Bombay and its phenomenal spread to Goa and studies the growth of this guru-centred movement as part of the larger regional histories of conflict and of Bhandari caste identity articulations. The article also explores the ways in which the sampradaya has acquired new political leverage in Goa and its adaptability to the varying circumstances of state-level political competition. It argues that the emergence of gurus was a complex process that involved political elements evident in contemporary electoral politics in Goa and which cannot be decoupled from the social dynamics of the formation.- Reproduced 

https://journals.sagepub.com/doi/full/10.1177/00194646241307222
</subfield>
  </datafield>
  <datafield tag="650" ind1=" " ind2=" ">
    <subfield code="a">Caste, Padmanabha Sampradaya, Bombay, Guns, Gos</subfield>
    <subfield code="9">52836</subfield>
  </datafield>
  <datafield tag="773" ind1=" " ind2=" ">
    <subfield code="a">The Indian Economic and Social History Review  </subfield>
  </datafield>
  <datafield tag="942" ind1=" " ind2=" ">
    <subfield code="c">AR</subfield>
  </datafield>
  <datafield tag="952" ind1=" " ind2=" ">
    <subfield code="0">0</subfield>
    <subfield code="1">0</subfield>
    <subfield code="2">ddc</subfield>
    <subfield code="4">0</subfield>
    <subfield code="7">0</subfield>
    <subfield code="9">404956</subfield>
    <subfield code="a">IIPA</subfield>
    <subfield code="b">IIPA</subfield>
    <subfield code="d">2025-05-07</subfield>
    <subfield code="h">62(1), Jan-Mar, 2025: p.5-31 </subfield>
    <subfield code="p">AR135642</subfield>
    <subfield code="r">2025-05-07</subfield>
    <subfield code="y">AR</subfield>
  </datafield>
</record>
